<?xml version="1.0" encoding="UTF-8"?><?xml-stylesheet type="text/xsl" href="static/style.xsl"?><OAI-PMH xmlns="http://www.openarchives.org/OAI/2.0/" xmlns:xsi="http://www.w3.org/2001/XMLSchema-instance" xsi:schemaLocation="http://www.openarchives.org/OAI/2.0/ http://www.openarchives.org/OAI/2.0/OAI-PMH.xsd"><responseDate>2026-04-17T05:34:58Z</responseDate><request verb="GetRecord" identifier="oai:www.recercat.cat:2072/456186" metadataPrefix="marc">https://recercat.cat/oai/request</request><GetRecord><record><header><identifier>oai:recercat.cat:2072/456186</identifier><datestamp>2024-11-18T01:38:38Z</datestamp><setSpec>com_2072_98</setSpec><setSpec>col_2072_378192</setSpec></header><metadata><record xmlns="http://www.loc.gov/MARC21/slim" xmlns:dcterms="http://purl.org/dc/terms/" xmlns:xsi="http://www.w3.org/2001/XMLSchema-instance" xmlns:doc="http://www.lyncode.com/xoai" xsi:schemaLocation="http://www.loc.gov/MARC21/slim http://www.loc.gov/standards/marcxml/schema/MARC21slim.xsd">
   <leader>00925njm 22002777a 4500</leader>
   <datafield ind2=" " ind1=" " tag="042">
      <subfield code="a">dc</subfield>
   </datafield>
   <datafield ind2=" " ind1=" " tag="720">
      <subfield code="a">Badr, Eslam</subfield>
      <subfield code="e">author</subfield>
   </datafield>
   <datafield ind2=" " ind1=" " tag="720">
      <subfield code="a">Bars Cortina, Francesc</subfield>
      <subfield code="e">author</subfield>
   </datafield>
   <datafield ind2=" " ind1=" " tag="260">
      <subfield code="c">2021</subfield>
   </datafield>
   <datafield ind2=" " ind1=" " tag="520">
      <subfield code="a">Let Ck be a smooth plane curve of degree d ≥ 4 defined over a global field k of characteristic p = 0 or p > (d-1)(d-2)/2 (up to an extra condition on Jac(Ck)). Unless the curve is bielliptic of degree four, we observe that it always admits finitely many quadratic points. We further show that there are only finitely many quadratic extensions k(√D) when k is a number field, in which we may have more points of Ck than these over k. In particular, we have this asymptotic phenomenon valid for Fermat's and Klein's equations. Second, we conjecture that there are two infinite sets E and D of isomorphism classes of smooth projective plane quartic curves over k with a prescribed automorphism group, such that all members of E (respectively, D) are bielliptic and have finitely (respectively, infinitely) many quadratic points over a number field k. We verify the conjecture over k = Q for G = Z/6Z and GAP(16, 13). The analog of the conjecture over global fields with p > 0 is also considered.</subfield>
   </datafield>
   <datafield tag="653" ind2=" " ind1=" ">
      <subfield code="a">Plane curves</subfield>
   </datafield>
   <datafield tag="653" ind2=" " ind1=" ">
      <subfield code="a">Bielliptic curves</subfield>
   </datafield>
   <datafield tag="653" ind2=" " ind1=" ">
      <subfield code="a">Automorphism group</subfield>
   </datafield>
   <datafield tag="653" ind2=" " ind1=" ">
      <subfield code="a">Twist</subfield>
   </datafield>
   <datafield ind2="0" ind1="0" tag="245">
      <subfield code="a">Bielliptic smooth plane curves and quadratic points</subfield>
   </datafield>
</record></metadata></record></GetRecord></OAI-PMH>